Las intervenciones telefn̤icas en el sistema penal

Bibliographic Details
Main Author: Casabianca Zuleta, Paola
Format: eBook
Language:Spanish
Published: Barcelona: J.M. Bosch Editor, 2016
Subjects:
Online Access:Acceso restringido

MARC

LEADER 00000nam a22000007a 4500
005 20190411123619.0
007 cr|||| ||||
008 190411s2016 es |||||s|||| 00||0 spa d
020 |a 978-84-944790-0-7 
035 |a 23087 
040 |a vLex 
090 |c 8600  |d 8600 
100 1 |a Casabianca Zuleta, Paola 
245 1 3 |a Las intervenciones telefn̤icas en el sistema penal  |h [Recurso electrn̤ico] /  |c Paola Casabianca Zuleta 
256 |a Servicio en ln̕ea 
260 |a Barcelona:  |b J.M. Bosch Editor,  |c 2016 
300 |a 1 recurso electrn̤ico 
506 1 |a Disponible solo en los productos indicados  |d vLex Global  |d vLex Global (Academic Edition, excluding Law Schools)  |d vLex Global (U.S. Academic Edition, Law Schools)  |d vLex Global (U.S. Academic Edition, excluding Law Schools)  |d vLex Global (Academic Edition, Law Schools) 
650 0 4 |a Derecho Penal  |z Espaą 
740 0 |a vLex Libros (Servicio en ln̕ea) 
856 4 0 |u http://vlex.com/source/intervenciones-telefonicas-sistema-penal-23087  |z Acceso restringido 
942 |c BOOK 
999 0 |a Criminal law